Score 0/15 Timer 05:00
8 Plays Today
Book % Correct
Diary of a Young Girl
94%
The Da Vinci Code
92.5%
Dracula
87.2%
The Devil Wears Prada
78.7%
Diary of a Wimpy Kid
76.2%
David Copperfield
50.9%
Don Quixote
49.4%
Divergent
43.4%
Book % Correct
Doctor Zhivago
36.6%
Dubliners
33.5%
Dear John
21.3%
Divine Secrets of the Ya-Ya Sisterhood
18.6%
Dreams From My Father: A Story of Race and Inheritance
17.5%
Down and Out in Paris and London
10.9%
The Diving Bell and the Butterfly
8.9%

You're not logged in!

Compare scores with friends on all Sporcle quizzes.
OR
Log In

Sporcle TV

Today on Sporcle TV


Watch our educational content, quiz creation guides, and fun videos on Sporcle TV.

Show Comments

Extras

Top Quizzes Today


Score Distribution

Paid Content

Your Account Isn't Verified!

In order to create a playlist on Sporcle, you need to verify the email address you used during registration. Go to your Sporcle Settings to finish the process.

Report this User

Report this user for behavior that violates our Community Guidelines.

Details: